000 01833nam a2200409 i 4500
001 60715
003 CO-BoRNBP
005 20260317161527.0
007 ta
008 210825s2017 ck a cr6 000 pdspa d
020 _a9789585602977
040 _aCO-BoRNBP
_bspa
_erda
_cCO-BoRNBP
041 1 _aspa
_hfre
043 _ae-gr---
_ae-fr---
084 _aP
100 1 _aBravi, Soledad,
_d1965- ,
_eaut
_963678
245 1 3 _aLa Ilíada y la odisea :
_bsegún Homero /
_cSoledad Bravi ; traducido por Felipe Cammaert.
250 _aPrimera edición
264 1 _aBogotá, Colombia :
_bTaller de Edición Rocca,
_c2017.
300 _a[169] páginas :
_bilustraciones a color ;
_c23 cm.
336 _atexto
_btxt
_2rdacontent
337 _asin mediación
_bn
_2rdamedia
338 _avolumen
_bnc
_2rdacarrier
520 1 _a¿Cree que lo sabe todo sobre la Ilíada y la Odisea? Entonces déjese guiar por Soledad Bravi y redescubra la leyenda más antigua de Occidente. En un tono ligero y lleno de humor, la autora imagina una historia gráfica que revela la modernidad de esta saga y sus famosos personajes: de Afrodita a Príamo, pasando por París, Helena, Penélope y, claro, Ulises. ¡Están todos aquí! (Tomado de la fuente).
521 1 _aRecomendado para un público infantil mayor de 10 años.
534 _tl Iliade et l'Odyssée.
600 0 4 _aHomero
_xHomenajes póstumos
_ySiglo VIII a. c
_969477
650 1 7 _aPoesía griega
_2rnbp
_97623
650 1 7 _aPoesía infantil francesa
_ySiglo XX
_2rnbp
_969478
650 1 7 _aNovela gráfica
_2rnbp
650 1 7 _aLiteratura infantil francesa
_ySiglo XX
_2rnbp
_91784
650 1 7 _aGuerra de troya
_2lemb
_931487
650 1 7 _aGuerreros en la literatura
_2LEMB
_969479
651 4 _aGrecia
_vPoesía
_969480
700 1 _aCammaert, Felipe,
_etrl
_963680
942 _2loc
_cBKLITI
_n0
999 _c60715
_d60715